| 000 | 01071nam a2200289 i 4500 | ||
|---|---|---|---|
| 001 | bg | ||
| 100 | 1 | _aMAZUR-STROJNY, Renata | |
| 245 | 1 | 0 |
_aOdpowiedzi na pytania egzaminacyjne dla kandydatów na doradców podatkowych. : _bpytania otwarte. _nT. 4, _pDział III rozdz. 4 / _cRenata Mazur-Strojny, Bogusława Piasecka, Anna Welsyng-Zielony ; Forum Doradców Podatkowych. |
| 260 |
_aKraków : _bFDP, _c2004. |
||
| 300 |
_a108 s. ; _c30 cm. |
||
| 650 | 9 | _aDoradztwo podatkowe | |
| 650 | 9 | _aEgzaminy zawodowe | |
| 650 | 9 |
_aPodatek dochodowy od osób fizycznych _xprawo _zPolska _ystan na 2004 r. |
|
| 655 | _aĆwiczenia i zadania | ||
| 700 | 1 | _aPIASECKA, Bogusława | |
| 700 | 1 | _aWELSYNG-ZIELONY, Anna | |
| 020 | _a8389359308 | ||
| 020 | _a8389359243 (t.4) | ||
| 040 | _cBPK | ||
| 041 | 0 | _apol | |
| 080 | _a336.226.11(438)(079) | ||
| 920 | _a83-89359-30-8 | ||
| 920 | _a83-89359-24-3 (t.4) | ||
| 942 | _cKA | ||
| 008 | s pl f |000 0 pol | ||
| 999 |
_c35108 _d35108 |
||
| 856 |
_uhttp://koha.tu.koszalin.pl/cgi-bin/koha/opac-detail.pl?biblionumber=35108 _yKatalog online BPK |
||